Abraham Lincoln y Juan Rafael Mora: hermanos en el ideal de liberar a los pueblos de la esclavitud /
Recoge una serie de textos expuestos en la develación del retrato de Abraham Lincoln en la Galería de Próceres y Libertadores de América en la Asamblea Legislativa de Costa Rica, el día 26 de junio del 2016. Contiene exposiciones del Presidente de la Asamblea Legislativa (Antonio Álvarez Desanti) y...
Zapisane w:
| Korporacja: | |
|---|---|
| Format: | Książka |
| Język: | Spanish |
| Wydane: |
Costa Rica:
Academia Morista Costarricense,
2016
|
| Hasła przedmiotowe: | |
| Etykiety: |
Dodaj etykietę
Nie ma etykietki, Dołącz pierwszą etykiete!
|
MARC
| LEADER | 00000nam a22000007a 4500 | ||
|---|---|---|---|
| 003 | cru CIDCACS/IIS | ||
| 005 | 20230703083254.0 | ||
| 007 | ta | ||
| 008 | 170310e2016 cr ||||| |||| 00| 0 spa d | ||
| 020 | |a 9789930957707 | ||
| 040 | |c cru CIDCACS/IIS | ||
| 090 | |a 04.03.01 A159a | ||
| 110 | 1 | |9 3292 |a Costa Rica. |b Asamblea Legislativa | |
| 245 | 1 | |a Abraham Lincoln y Juan Rafael Mora: |b hermanos en el ideal de liberar a los pueblos de la esclavitud / |c Antonio Álvarez Desanti y otros | |
| 260 | |a Costa Rica: |b Academia Morista Costarricense, |c 2016 | ||
| 300 | |a 110 páginas : |b ilustraciones, fotos | ||
| 520 | |a Recoge una serie de textos expuestos en la develación del retrato de Abraham Lincoln en la Galería de Próceres y Libertadores de América en la Asamblea Legislativa de Costa Rica, el día 26 de junio del 2016. Contiene exposiciones del Presidente de la Asamblea Legislativa (Antonio Álvarez Desanti) y del presidente de la Academia Morista Costarricense (Armando Vargas Araya), además de otros textos que abordan temáticas como las luchas llevadas a cabo por los expresidentes Abraham Lincoln y Juan Rafael Mora Porras en el tema de la abolición de la esclavitud, así como aspectos biográficos, discursos pronunciados y la relación entre ambos. | ||
| 650 | 1 | 0 | |9 2585 |a JEFES DE ESTADO |
| 650 | 1 | 0 | |9 3694 |a HISTORIA POLITICA |
| 650 | 1 | 0 | |a ESCLAVITUD |9 39 |
| 651 | 1 | 0 | |9 32 |a COSTA RICA |
| 651 | 1 | 0 | |9 245 |a ESTADOS UNIDOS |
| 942 | |2 ddc |c LI | ||
| 999 | |c 18988 |d 18988 | ||



